000
00291nam a22001337a 4500
008
170516b xxu||||| |||| 00| 0 eng d
020
_a
9780321510860
041
_a
eng
080
_2
3RD
_a
94
100
_a
16
101
_a
SHH
245
_a
AMERICAN DESTINY
_c
CARNES, M.C
942
_2
udc
_c
BK
999
_c
13368
_d
13368